| 000 | 00662cam a22002171 4500 | ||
|---|---|---|---|
| 001 | ne 62001555 | ||
| 003 | DLC | ||
| 005 | 20260227111738.0 | ||
| 008 | 900620q19601962ua 000 0 ararc | ||
| 010 | _ane 62001555 | ||
| 025 | _aPL480:UAR-4138 | ||
| 035 | _a(OCoLC)21890976 | ||
| 040 |
_aPrinceton Univ. Libr. _cWaU _dDLC |
||
| 042 | _apremarc | ||
| 050 | 0 | 0 |
_aPJ7824.A33 _bM8 |
| 100 | 1 | _aFahmī, ʻAbd al-Raḥmān. | |
| 245 | 1 | 3 |
_aal-Mulk lak _c[taʼlīf] ʻAbd al-Raḥmān Fahmī. |
| 260 |
_a[al-Qāhirah, _bal-Dār al-Qawmīyah lil-Ṭibāʻah wa-al-Nashr _c196-] |
||
| 300 |
_a157 p. _c24 cm. |
||
| 490 | 0 |
_aKitāb al-māsī, qiṣaṣ ʻArabīyah, _v3 |
|
| 999 |
_c45312 _d45312 |
||